[Event "e2e4.org.uk Bedford U2000"]
[Site "Park Inn Hotel, Bedford, Engla"]
[Date "2013.09.22"]
[Round "4"]
[White "Bowman, Richard L"]
[Black "Ball, Anthony J"]
[Result "1/2-1/2"]
[WhiteElo "1968"]
[BlackElo "1872"]
[PlyCount "73"]
[EventDate "2013.??.??"]

1. d4 f5 2. Nf3 Nf6 3. g3 e6 4. Bg2 Be7 5. Nbd2 O-O 6. O-O d6 7. Re1 Nc6 8. e4
Nxe4 9. Nxe4 fxe4 10. Rxe4 Bf6 11. c3 e5 12. Qb3+ Kh8 13. dxe5 Nxe5 14. Nxe5
Bxe5 15. Be3 c6 16. Rd1 Qc7 17. f4 Bf6 18. Bd4 Bf5 19. Re3 Bxd4 20. cxd4 Rae8
21. Rde1 Rxe3 22. Rxe3 Qd7 23. a3 Re8 24. Kf2 Rxe3 25. Qxe3 Kg8 26. h3 h5 27.
Bf3 g6 28. h4 Qe6 29. Qd2 d5 30. Qa5 a6 31. Qd8+ Kf7 32. Qc7+ Qe7 33. Qe5 a5
34. Ke3 b5 35. Kd2 a4 36. Qb8 Bd7 37. Qe5 1/2-1/2

[Event "e2e4.org.uk Bedford U2000"]
[Site "Park Inn Hotel, Bedford, Engla"]
[Date "2013.09.22"]
[Round "4"]
[White "Valentine, Brian J"]
[Black "Panzhina, Jekaterina"]
[Result "1-0"]
[WhiteElo "1941"]
[BlackElo "1866"]
[PlyCount "155"]
[EventDate "2013.??.??"]

1. e4 c5 2. Nf3 e6 3. d4 cxd4 4. Nxd4 a6 5. c4 Qc7 6. Nc3 d6 7. Be3 Nf6 8. Rc1
Nbd7 9. Be2 b6 10. O-O Be7 11. f3 O-O 12. Qd2 Bb7 13. b3 Rac8 14. Bd3 Rfe8 15.
Bb1 Bd8 16. Rfd1 Qb8 17. Qf2 Bc7 18. Qh4 g6 19. Nde2 Nh5 20. Nf4 Bd8 21. Qf2
Ng7 22. Nh3 Bc7 23. f4 Bc6 24. Ng5 h6 25. Nf3 Bd8 26. f5 Kh7 27. fxg6+ fxg6 28.
Qg3 Nh5 29. Qh3 e5 30. Nd5 Ndf6 31. Nh4 Kg7 32. Rf1 Bd7 33. Qf3 Bg4 34. Qf2 b5
35. cxb5 Rxc1 36. Rxc1 axb5 37. Nf3 Be6 38. Nxf6 Nxf6 39. Qd2 Bb6 40. h3 Bxe3+
41. Qxe3 Rc8 42. Kh2 Rxc1 43. Qxc1 Qc8 44. Qxc8 Bxc8 45. Bd3 Bd7 46. b4 Bc6 47.
Nd2 Nd7 48. Kg3 Kf6 49. Nb1 d5 50. exd5 Bxd5 51. Nc3 Bc4 52. Bxc4 bxc4 53. a4
Ke6 54. Kf3 Kd6 55. a5 Kc6 56. Ke4 h5 57. g3 g5 58. b5+ Kc5 59. a6 Nb6 60. Kxe5
Kb4 61. Nd5+ Nxd5 62. Kxd5 c3 63. a7 c2 64. a8=Q c1=Q 65. Qf8+ Ka4 66. Qc5 Qh1+
67. Kd6 Qxh3 68. Qxg5 Qh2 69. b6 Qb2 70. Qf4+ Ka5 71. Qe5+ Qxe5+ 72. Kxe5 Kxb6
73. Kf6 Kc6 74. Kg5 Kd7 75. Kxh5 Ke6 76. Kg6 Ke7 77. g4 Kf8 78. Kh7 1-0

[Event "e2e4.org.uk Bedford U2000"]
[Site "Park Inn Hotel, Bedford, Engla"]
[Date "2013.09.22"]
[Round "4"]
[White "Jacob, Sydney J"]
[Black "Valerio, Giuseppe"]
[Result "1-0"]
[WhiteElo "1904"]
[BlackElo "1848"]
[PlyCount "51"]
[EventDate "2013.??.??"]

1. d4 d6 2. Nf3 Nf6 3. Bg5 g6 4. e3 Bg7 5. c4 h6 6. Bh4 g5 7. Bg3 Nh5 8. Nc3
Nxg3 9. hxg3 c6 10. Qc2 Na6 11. a3 c5 12. Be2 Rb8 13. Rd1 b6 14. Nh2 Nc7 15.
Bg4 Bxg4 16. Nxg4 Qd7 17. Qe2 h5 18. Nh2 cxd4 19. exd4 Qe6 20. Nf3 Qxe2+ 21.
Nxe2 f6 22. b4 Rc8 23. d5 b5 24. c5 dxc5 25. bxc5 a5 26. d6 1-0

[Event "e2e4.org.uk Bedford U2000"]
[Site "Park Inn Hotel, Bedford, Engla"]
[Date "2013.09.22"]
[Round "4"]
[White "Nettleton, Charlie B"]
[Black "Potter, Karl H"]
[Result "1/2-1/2"]
[WhiteElo "1885"]
[BlackElo "1900"]
[PlyCount "105"]
[EventDate "2013.??.??"]

1. e4 e6 2. d4 d5 3. Nd2 Nf6 4. e5 Nfd7 5. Bd3 c5 6. c3 Nc6 7. Ngf3 cxd4 8.
cxd4 a5 9. O-O Qb6 10. a3 Nxd4 11. Nxd4 Qxd4 12. Nf3 Qb6 13. Qa4 Be7 14. Be3
Qd8 15. Qg4 Kf8 16. Rac1 b6 17. Qf4 Nc5 18. Rfd1 Bd7 19. g4 Rc8 20. g5 Nxd3 21.
Rxd3 Rxc1+ 22. Bxc1 g6 23. Nd4 Kg7 24. Bd2 Rf8 25. Qh4 h5 26. gxh6+ Kh7 27. Qg4
Qc7 28. Bf4 Qc4 29. Qg3 Rg8 30. b3 Qc7 31. Rc3 Qd8 32. Qd3 Bxa3 33. Nf3 Be7 34.
Qc2 f5 35. exf6 Bxf6 36. Rc7 Rf8 37. Bd6 Rf7 38. Ne5 Bxe5 39. Bxe5 Qh4 40. f4
Qe1+ 41. Kg2 Qh4 42. h3 Qxh6 43. Rxd7 Rxd7 44. Qc8 Rg7 45. Qxe6 Qh5 46. Qxd5
Qe2+ 47. Kg3 Qe1+ 48. Kh2 Qe2+ 49. Kg3 Qe1+ 50. Kg2 Qe2+ 51. Kg1 Qe1+ 52. Kg2
Qe2+ 53. Kg3 1/2-1/2

[Event "e2e4.org.uk Bedford U2000"]
[Site "Park Inn Hotel, Bedford, Engla"]
[Date "2013.09.22"]
[Round "4"]
[White "Shah, Dipak K"]
[Black "Mumford, Robert"]
[Result "0-1"]
[WhiteElo "1892"]
[BlackElo "1562"]
[PlyCount "114"]
[EventDate "2013.??.??"]

1. e4 c5 2. Nf3 d6 3. d4 cxd4 4. Nxd4 Nf6 5. Nc3 a6 6. Be2 e5 7. Nf3 Be7 8. h3
Be6 9. O-O Nbd7 10. Be3 O-O 11. Nh2 Rc8 12. f4 Rxc3 13. bxc3 Nxe4 14. c4 Nc3
15. Qd3 Nxe2+ 16. Qxe2 Qc7 17. Rfd1 Bxc4 18. Qf2 e4 19. Bd4 d5 20. Ng4 Re8 21.
Ne5 Nxe5 22. fxe5 Qd8 23. Bb6 Bh4 24. Bxd8 Bxf2+ 25. Kxf2 Rxd8 26. Ke3 Kf8 27.
a4 Ke7 28. a5 Ke6 29. Kf4 Rc8 30. h4 Rc5 31. g4 Bb5 32. Rd2 Rc3 33. Rf2 e3 34.
Rh2 e2 35. Rhh1 Rxc2 36. Rhc1 Rd2 37. Ke3 Rb2 38. Rc7 Rb3+ 39. Kf2 d4 40. Rxb7
d3 41. Ke3 Rb2 42. Rb6+ Kxe5 43. Rxb5+ Rxb5 44. Kxd3 Kf4 45. Kxe2 f6 46. Ra4+
Kg3 47. h5 Kh4 48. Kf3 Kg5 49. Kg3 g6 50. hxg6 hxg6 51. Kf3 Kh4 52. Rf4 Rb3+
53. Kf2 Kg5 54. Rc4 Ra3 55. Rc5+ Kxg4 56. Rc6 Rxa5 57. Rxf6 Rf5+ 0-1

[Event "e2e4.org.uk Bedford U2000"]
[Site "Park Inn Hotel, Bedford, Engla"]
[Date "2013.09.22"]
[Round "4"]
[White "Jackson, Paul G"]
[Black "O Gorman, Brendan"]
[Result "1/2-1/2"]
[WhiteElo "1877"]
[BlackElo "1798"]
[PlyCount "132"]
[EventDate "2013.??.??"]

1. d4 Nf6 2. c4 c5 3. d5 b5 4. cxb5 a6 5. f3 axb5 6. e4 Qa5+ 7. Bd2 b4 8. Na3
d6 9. Nc4 Qd8 10. a3 e6 11. Ne3 Be7 12. axb4 Rxa1 13. Qxa1 exd5 14. exd5 cxb4
15. Qa4+ Bd7 16. Qxb4 O-O 17. Bc4 Qc8 18. Ne2 Na6 19. Qa3 Nc5 20. O-O Qa8 21.
Ra1 Qxa3 22. Rxa3 Rb8 23. b4 Na4 24. Nd4 Nb6 25. Bb3 Ra8 26. Rxa8+ Nxa8 27. Nc6
Kf8 28. Kf2 g6 29. Bc3 Nb6 30. b5 Bc8 31. Bd4 Nfd7 32. Nxe7 Kxe7 33. Nc2 Nc5
34. Nb4 Bb7 35. Nc6+ Kd7 36. Ba2 Kc7 37. Ke3 Bc8 38. g4 f5 39. h3 fxg4 40. hxg4
h5 41. gxh5 gxh5 42. Bf6 Bf5 43. Kf4 Bd3 44. Nd4 Ncd7 45. Bh4 Ne5 46. Kg5 Nec4
47. Ne6+ Kd7 48. Nf4 Bf1 49. Kxh5 Ne5 50. Ne6 Nxf3 51. Bd8 Na4 52. b6 Kc8 53.
Bc7 Kb7 54. Nd8+ Kc8 55. Kg6 Ne5+ 56. Kf5 Bh3+ 57. Kf6 Nd7+ 58. Ke7 Ndxb6 59.
Kxd6 Bg2 60. Bb1 Bh3 61. Bd3 Nc5 62. Bb5 Ne4+ 63. Kc6 Bd7+ 64. Kxb6 Bxb5 65.
Ne6 Bd7 66. Nc5 Nxc5 1/2-1/2

[Event "e2e4.org.uk Bedford U2000"]
[Site "Park Inn Hotel, Bedford, Engla"]
[Date "2013.09.22"]
[Round "4"]
[White "Burrows, Nick"]
[Black "Hjort, Helge"]
[Result "1/2-1/2"]
[WhiteElo "1849"]
[BlackElo "1991"]
[PlyCount "88"]
[EventDate "2013.??.??"]

1. Nf3 Nf6 2. c4 e6 3. g3 b6 4. Bg2 Ba6 5. b3 d5 6. cxd5 exd5 7. O-O Bd6 8. d4
Nbd7 9. Bb2 O-O 10. Nbd2 Re8 11. Re1 Qe7 12. e3 c5 13. Rc1 Rad8 14. Nb1 c4 15.
Nfd2 b5 16. bxc4 bxc4 17. Qa4 Rb8 18. Ba3 Rb6 19. Bxd6 Qxd6 20. Nc3 Bb7 21. Rb1
Bc6 22. Qc2 Rxb1 23. Rxb1 Nb6 24. Nf3 Nbd7 25. Nd2 Nb6 26. Rb2 g6 27. Ndb1 Bd7
28. Nb5 Bxb5 29. Rxb5 Ne4 30. Bxe4 Rxe4 31. Rxd5 Nxd5 32. Qxe4 Qb4 33. Qc2 f5
34. Kf1 a5 35. Ke2 a4 36. f3 c3 37. e4 Qc4+ 38. Ke1 Ne3 39. Qxc3 Qf1+ 40. Kd2
Qxb1 41. Kxe3 Qxa2 42. e5 a3 43. Kf4 Kg7 44. g4 Qxh2+ 1/2-1/2

[Event "e2e4.org.uk Bedford U2000"]
[Site "Park Inn Hotel, Bedford, Engla"]
[Date "2013.09.22"]
[Round "4"]
[White "Price, Andrew"]
[Black "Lawson, Maurice E"]
[Result "0-1"]
[WhiteElo "1851"]
[BlackElo "1922"]
[PlyCount "82"]
[EventDate "2013.??.??"]

1. e4 c6 2. d4 d5 3. Nc3 dxe4 4. Nxe4 Bf5 5. Ng3 Bg6 6. Nf3 Nd7 7. Bd3 e6 8. c3
Ngf6 9. Qe2 Bxd3 10. Qxd3 Qc7 11. O-O Bd6 12. Ne4 Bf4 13. Re1 O-O 14. Nxf6+
Nxf6 15. Ne5 Bxc1 16. Raxc1 Rad8 17. Qe2 Qa5 18. a3 Qd5 19. Nd3 b6 20. Red1 Rd6
21. Qc2 Rfd8 22. Qa4 a5 23. b4 axb4 24. axb4 Ne4 25. Qc2 c5 26. dxc5 bxc5 27.
c4 Qd4 28. b5 f5 29. Nb2 Qf6 30. Rd3 Rxd3 31. Nxd3 Qd4 32. Rd1 Nc3 33. Rd2 e5
34. b6 e4 35. Qb3 exd3 36. b7 Ne2+ 37. Kf1 Kf7 38. g3 Qe4 39. Rxd3 Rxd3 40.
Qxd3 Qxd3 41. b8=Q Nf4+ 0-1

[Event "e2e4.org.uk Bedford U2000"]
[Site "Park Inn Hotel, Bedford, Engla"]
[Date "2013.09.22"]
[Round "4"]
[White "Botteley, Michael T"]
[Black "Cavendish, Joshua Z"]
[Result "1-0"]
[WhiteElo "1867"]
[BlackElo "1683"]
[PlyCount "147"]
[EventDate "2013.??.??"]

1. e4 c6 2. Nc3 d5 3. Nf3 Bg4 4. h3 Bxf3 5. Qxf3 e6 6. g3 Nf6 7. Bg2 Nbd7 8. d3
Bd6 9. O-O O-O 10. Be3 Ne5 11. Qe2 Ng6 12. h4 h6 13. h5 Ne7 14. f4 e5 15. fxe5
Bxe5 16. d4 Bxg3 17. e5 Ne4 18. Nxe4 dxe4 19. Qg4 Bxe5 20. dxe5 Qd5 21. Qxe4
Qxe4 22. Bxe4 Rfe8 23. Bd4 Rad8 24. Bc5 Nd5 25. Bxd5 Rxd5 26. Bd6 Re6 27. Rad1
Ra5 28. a3 f6 29. Bc7 Rb5 30. c4 Rxb2 31. Rd6 Re7 32. Rd8+ Kh7 33. Bd6 Re6 34.
Rd7 Rd2 35. Rxf6 Rxe5 36. Rxg7+ Kxg7 37. Bxe5 Kg8 38. Rxh6 Re2 39. Bd6 Rd2 40.
c5 Rd5 41. Kf2 Kg7 42. Re6 Rxh5 43. Re7+ Kf6 44. Rxb7 Ke6 45. Rxa7 Kd5 46. a4
Rh8 47. a5 Rh4 48. a6 Ra4 49. Ke3 Kc4 50. Ra8 Kb5 51. a7 Ka6 52. Rc8 Kxa7 53.
Rc7+ Ka8 54. Rxc6 Rc4 55. Rc7 Rh4 56. Rf7 Re4+ 57. Kf3 Re3+ 58. Kg4 Re6 59. Re7
Rf6 60. Be5 Rf4+ 61. Kg5 Rf8 62. Re6 Kb7 63. c6+ Kc8 64. c7 Kb7 65. Rf6 Re8 66.
Bf4 Rc8 67. Kf5 Re8 68. Re6 Rf8+ 69. Ke4 Rc8 70. Kd5 Ra8 71. Kd6 Ra4 72. Re5
Ra6+ 73. Kd7 Ra8 74. Re8 1-0

[Event "e2e4.org.uk Bedford U2000"]
[Site "Park Inn Hotel, Bedford, Engla"]
[Date "2013.09.22"]
[Round "4"]
[White "Levy, Christopher A"]
[Black "Gardner, James"]
[Result "0-1"]
[WhiteElo "1768"]
[BlackElo "1856"]
[PlyCount "80"]
[EventDate "2013.??.??"]

1. d4 d5 2. Nf3 Nf6 3. e3 c6 4. Bd3 e6 5. O-O Nbd7 6. Nbd2 b6 7. Qe2 Bb7 8. c3
Be7 9. Re1 O-O 10. e4 dxe4 11. Nxe4 Nxe4 12. Qxe4 Nf6 13. Qh4 c5 14. Bg5 g6 15.
Qh3 Bxf3 16. Qxf3 cxd4 17. Rad1 Nd5 18. Bh6 dxc3 19. Bxf8 Qxf8 20. bxc3 Nxc3
21. Rc1 Bb4 22. a3 Ba5 23. Re3 Rc8 24. Rc2 Qxa3 25. h4 Rc5 26. Kh2 Qb4 27. Qf6
b5 28. Rf3 Rc7 29. h5 Nd5 30. Qe5 Rxc2 31. Qb8+ Kg7 32. h6+ Kxh6 33. Rh3+ Kg7
34. Qe5+ f6 35. Qxe6 Bc7+ 36. g3 Bxg3+ 37. Rxg3 Qh4+ 38. Qh3 Rxf2+ 39. Rg2
Rxg2+ 40. Kxg2 Nf4+ 0-1

[Event "e2e4.org.uk Bedford U2000"]
[Site "Park Inn Hotel, Bedford, Engla"]
[Date "2013.09.22"]
[Round "4"]
[White "Van Der Westhuizen, Charle"]
[Black "Torrance, John"]
[Result "1-0"]
[WhiteElo "1897"]
[BlackElo "1666"]
[PlyCount "81"]
[EventDate "2013.??.??"]

1. d4 Nf6 2. c4 c6 3. Nf3 b5 4. e3 bxc4 5. Bxc4 Ba6 6. Qe2 Bxc4 7. Qxc4 d5 8.
Qa4 Qb6 9. O-O e6 10. Nc3 Be7 11. Ne5 O-O 12. Qc2 Nfd7 13. Na4 Qb7 14. Nd3 Na6
15. a3 Rfc8 16. b4 Nb6 17. Nab2 Nd7 18. Rb1 Nc7 19. Na4 Ne8 20. Bd2 Qc7 21.
Rfc1 e5 22. dxe5 Nxe5 23. Nxe5 Qxe5 24. Bc3 Qe6 25. Bd4 Nf6 26. Rb3 Qe4 27. Rc3
Qxc2 28. R1xc2 h6 29. Rxc6 Rxc6 30. Rxc6 Ne8 31. Ra6 Rc8 32. g3 Rc1+ 33. Kg2
Bf6 34. Rxa7 Bxd4 35. exd4 Nf6 36. b5 Ne4 37. b6 Rb1 38. b7 Kh7 39. Nc5 Nd6 40.
a4 Rb4 41. a5 1-0

[Event "e2e4.org.uk Bedford U2000"]
[Site "Park Inn Hotel, Bedford, Engla"]
[Date "2013.09.22"]
[Round "4"]
[White "Watson, Darrell A"]
[Black "Shaw, Meyrick"]
[Result "0-1"]
[WhiteElo "1725"]
[BlackElo "1906"]
[PlyCount "72"]
[EventDate "2013.??.??"]

1. e4 c5 2. Nc3 Nc6 3. f4 d6 4. Nf3 e6 5. Bb5 Bd7 6. O-O Nge7 7. d3 g6 8. Bc4
Bg7 9. a3 a6 10. Qe1 b5 11. Bb3 Qb6 12. Kh1 a5 13. f5 a4 14. fxe6 fxe6 15. Ba2
b4 16. Ng5 bxc3 17. bxc3 Nd8 18. Rb1 Qc6 19. Bd2 h6 20. Nh3 Nf7 21. Qh4 g5 22.
Qh5 O-O 23. Rxf7 Rxf7 24. Bxg5 Raf8 25. Qe2 hxg5 26. Rg1 Bh6 27. Qh5 Kg7 28.
Qe2 Ng6 29. g3 d5 30. Kg2 dxe4 31. dxe4 Ne5 32. Nf4 c4 33. h3 Kh7 34. Qh5 Qxe4+
35. Kh2 gxf4 36. g4 Nf3+ 0-1

[Event "e2e4.org.uk Bedford U2000"]
[Site "Park Inn Hotel, Bedford, Engla"]
[Date "2013.09.22"]
[Round "4"]
[White "Smith, Peter K"]
[Black "Nandi, Robin J"]
[Result "0-1"]
[WhiteElo "1725"]
[BlackElo "1832"]
[PlyCount "54"]
[EventDate "2013.??.??"]

1. d4 d5 2. Bf4 Nf6 3. e3 c5 4. c3 Qb6 5. Qc2 e6 6. Nd2 Nc6 7. Ngf3 Be7 8. Be2
Bd7 9. Ne5 Rc8 10. Qb3 c4 11. Qc2 O-O 12. Bg5 Qd8 13. f4 b5 14. O-O Ne8 15.
Bxe7 Qxe7 16. Ndf3 f6 17. Nxc6 Bxc6 18. g4 Nd6 19. g5 Be8 20. gxf6 gxf6 21. Kh1
Bg6 22. Rg1 Kh8 23. Rxg6 hxg6 24. Qxg6 Ne4 25. h3 Rg8 26. Qh6+ Qh7 27. Qxh7+
Kxh7 0-1

[Event "e2e4.org.uk Bedford U2000"]
[Site "Park Inn Hotel, Bedford, Engla"]
[Date "2013.09.22"]
[Round "4"]
[White "Sloan, Cecil"]
[Black "Waters, Andrew C"]
[Result "0-1"]
[WhiteElo "1690"]
[BlackElo "1822"]
[PlyCount "126"]
[EventDate "2013.??.??"]

1. e4 Nf6 2. e5 Nd5 3. d4 d6 4. c4 Nb6 5. exd6 cxd6 6. Nc3 g6 7. Be3 Bg7 8. Rc1
O-O 9. b3 f5 10. g3 e5 11. Bg2 Nc6 12. dxe5 dxe5 13. Qxd8 Rxd8 14. Bxc6 bxc6
15. Nge2 Be6 16. O-O Bf6 17. Rfd1 Kf7 18. Kf1 g5 19. Ke1 f4 20. Rxd8 Rxd8 21.
Bxb6 axb6 22. Ne4 Be7 23. N2c3 Bg4 24. Rc2 h6 25. Rd2 Rd4 26. Rxd4 exd4 27. Na4
Bb4+ 28. Nd2 b5 29. cxb5 cxb5 30. Nb2 Ke6 31. Nd3 fxg3 32. fxg3 Bc3 33. Nc5+
Ke5 34. Nd3+ Kd5 35. Nf2 Bf5 36. Kd1 Bb4 37. Kc1 d3 38. Nd1 Kd4 39. Nf3+ Ke4
40. Nd2+ Ke5 41. Nf3+ Kd6 42. Nd4 Bd7 43. Nf3 g4 44. Nd2 Ke5 45. Nf2 Bf5 46.
Nd1 Kd4 47. Nf1 Be4 48. Nd2 Bg2 49. Nb1 h5 50. Nd2 Ba3+ 51. Kb1 Be7 52. a4 bxa4
53. bxa4 h4 54. gxh4 Bxh4 55. Kc1 Bg5 56. Nf2 Bf3 57. a5 Kc3 58. Nd1+ Bxd1 59.
Kxd1 Bxd2 60. a6 Be3 61. Ke1 Kc2 62. a7 Bxa7 63. h4 d2+ 0-1

[Event "e2e4.org.uk Bedford U2000"]
[Site "Park Inn Hotel, Bedford, Engla"]
[Date "2013.09.22"]
[Round "4"]
[White "Connolly, Marcus PA"]
[Black "Keen, Cosima C"]
[Result "1/2-1/2"]
[WhiteElo "1800"]
[BlackElo "1744"]
[PlyCount "75"]
[EventDate "2013.??.??"]

1. f4 d5 2. Nf3 Bg4 3. e3 Nf6 4. b3 e6 5. Bb2 Be7 6. Be2 Nbd7 7. O-O O-O 8. Ne5
Nxe5 9. Bxe5 Bxe2 10. Qxe2 c5 11. d3 Nd7 12. Bb2 Bf6 13. d4 Qb6 14. c3 Rac8 15.
Nd2 Qd6 16. a4 Be7 17. Rfc1 a6 18. c4 Bf6 19. a5 cxd4 20. Bxd4 e5 21. Bb2 exf4
22. Bxf6 Qxf6 23. exf4 Qxf4 24. cxd5 Qd6 25. Qf2 Qxd5 26. Nc4 Ne5 27. Rd1 Qe6
28. Rd6 Qe7 29. Rad1 Nxc4 30. bxc4 Rxc4 31. h3 Qg5 32. R6d5 Qg6 33. Rd8 Rc8 34.
R8d6 Qe4 35. R6d4 Qe5 36. Rd5 Qc7 37. Qd4 h6 38. Kh1 1/2-1/2

[Event "e2e4.org.uk Bedford U2000"]
[Site "Park Inn Hotel, Bedford, Engla"]
[Date "2013.09.22"]
[Round "4"]
[White "Homer, Neil S"]
[Black "Wilson, Matthew R"]
[Result "0-1"]
[WhiteElo "1616"]
[BlackElo "1800"]
[PlyCount "72"]
[EventDate "2013.??.??"]

1. Nf3 f5 2. d3 d6 3. e4 e5 4. g3 Nf6 5. Nc3 Be7 6. Bg2 c6 7. O-O O-O 8. Bd2
Qe8 9. Nh4 f4 10. Nf5 Bxf5 11. exf5 Qh5 12. Qxh5 Nxh5 13. g4 Nf6 14. h3 Nbd7
15. Rfe1 h5 16. f3 c5 17. Bxf4 Rae8 18. Bd2 b6 19. Nb5 Nd5 20. Nxa7 Nf4 21.
Bxf4 exf4 22. Nb5 Bf6 23. Rxe8 Rxe8 24. Nxd6 Re2 25. Kf1 Rxc2 26. Ne4 Bxb2 27.
Rb1 Ne5 28. Rd1 Bd4 29. Rd2 Rxd2 30. Nxd2 Nxd3 31. Ke2 Nb4 32. a4 Nd5 33. Nb3
Bc3 34. Kd3 Bb4 35. Bf1 Ne3 36. Be2 c4+ 0-1

[Event "e2e4.org.uk Bedford U2000"]
[Site "Park Inn Hotel, Bedford, Engla"]
[Date "2013.09.22"]
[Round "4"]
[White "Pal, Tapan"]
[Black "Mitchell, Robert"]
[Result "0-1"]
[WhiteElo "1576"]
[BlackElo "1781"]
[PlyCount "50"]
[EventDate "2013.??.??"]

1. e4 g6 2. d4 Bg7 3. Nf3 d6 4. Bd3 Nf6 5. h3 Nbd7 6. Nc3 e5 7. Bg5 h6 8. Be3
O-O 9. Qd2 Kh7 10. O-O-O c6 11. g4 Ng8 12. h4 b5 13. Ne2 Nb6 14. Rhg1 Be6 15.
d5 cxd5 16. Bxb6 Qxb6 17. exd5 Bd7 18. Ng3 Bxg4 19. Nh2 Bxd1 20. Kxd1 f5 21. h5
e4 22. hxg6+ Kh8 23. Nh5 exd3 24. Nxg7 dxc2+ 25. Kc1 Kxg7 0-1

[Event "e2e4.org.uk Bedford U2000"]
[Site "Park Inn Hotel, Bedford, Engla"]
[Date "2013.09.22"]
[Round "4"]
[White "Somton, Anita"]
[Black "Radford, Mark SR"]
[Result "1-0"]
[WhiteElo "1472"]
[BlackElo "1752"]
[PlyCount "39"]
[EventDate "2013.??.??"]

1. d4 f5 2. Nc3 Nf6 3. Bg5 d5 4. Nf3 e6 5. Ne5 Be7 6. e3 O-O 7. h4 b6 8. h5 c5
9. Qf3 Bb7 10. Qh3 Nc6 11. Ng6 Rf7 12. Be2 Ne4 13. Bxe7 Nxe7 14. Ne5 Rf6 15.
Qh4 cxd4 16. exd4 Nxc3 17. bxc3 Rc8 18. Rh3 Qd6 19. Rg3 h6 20. Qxf6 1-0

[Event "e2e4.org.uk Bedford U2000"]
[Site "Park Inn Hotel, Bedford, Engla"]
[Date "2013.09.22"]
[Round "4"]
[White "Rawcliffe, Peter"]
[Black "Lavelle, Terry"]
[Result "1/2-1/2"]
[WhiteElo "1776"]
[BlackElo "1583"]
[PlyCount "66"]
[EventDate "2013.??.??"]

1. e4 c5 2. Nf3 d6 3. d4 cxd4 4. Nxd4 Nf6 5. Nc3 a6 6. Bg5 b5 7. a3 Bb7 8. Bd3
Nbd7 9. f4 Nc5 10. Qf3 Nxd3+ 11. Qxd3 g6 12. O-O-O Bg7 13. Rhe1 Rc8 14. e5 dxe5
15. fxe5 Nd5 16. Nxd5 Qxd5 17. Nf5 gxf5 18. Qxd5 Bxd5 19. Rxd5 h6 20. Bh4 Rc4
21. Red1 O-O 22. Bxe7 Re8 23. Rd8 Rxd8 24. Rxd8+ Kh7 25. Rd5 Re4 26. Bd6 Kg6
27. Kd1 h5 28. h3 Kg5 29. Be7+ Kf4 30. Bd6 Ke3 31. Bc5+ Kf4 32. Bd6 Kg5 33.
Be7+ Kf4 1/2-1/2

[Event "e2e4.org.uk Bedford U2000"]
[Site "Park Inn Hotel, Bedford, Engla"]
[Date "2013.09.22"]
[Round "4"]
[White "Ross, Stuart"]
[Black "Holton, Jake"]
[Result "1/2-1/2"]
[WhiteElo "1648"]
[BlackElo "1404"]
[PlyCount "96"]
[EventDate "2013.??.??"]

1. e4 c6 2. d4 d5 3. exd5 cxd5 4. c4 Nf6 5. Nc3 Nc6 6. Nf3 Bg4 7. Be3 e6 8. c5
Ne4 9. Be2 Qa5 10. Qb3 Nxc3 11. bxc3 Be7 12. O-O Qc7 13. Rfe1 O-O 14. Nd2 Bxe2
15. Rxe2 Bf6 16. Rb1 Rab8 17. c4 Nxd4 18. Bxd4 Bxd4 19. cxd5 exd5 20. Qxd5 Qxc5
21. Qe4 Qc3 22. Rxb7 Rxb7 23. Qxb7 Qc1+ 24. Nf1 Bb6 25. Qd7 g6 26. g3 Kg7 27.
Kg2 Rd8 28. Qb5 Rd1 29. Qb2+ Qxb2 30. Rxb2 Kf6 31. Re2 Rd5 32. Ne3 Bxe3 33.
Rxe3 Ra5 34. a3 Re5 35. Kf3 Rxe3+ 36. Kxe3 Ke5 37. Kd3 Kd5 38. Kc3 Kc5 39. Kb3
Kb5 40. a4+ Ka5 41. Ka3 g5 42. g4 f6 43. Kb3 h6 44. h3 Kb6 45. Kb4 a6 46. a5+
Kc6 47. Kc4 Kd6 48. Kd4 Kc6 1/2-1/2

[Event "e2e4.org.uk Bedford U2000"]
[Site "Park Inn Hotel, Bedford, Engla"]
[Date "2013.09.22"]
[Round "5"]
[White "Touchefeu, Aurelien"]
[Black "Smith, Richard W"]
[Result "0-1"]
[WhiteElo "1940"]
[BlackElo "1912"]
[PlyCount "104"]
[EventDate "2013.??.??"]

1. d4 d5 2. c4 c6 3. Nc3 Nf6 4. cxd5 cxd5 5. Bg5 Nc6 6. Bxf6 exf6 7. e3 Bb4 8.
Bd3 O-O 9. Nge2 Bg4 10. O-O Rc8 11. Kh1 Re8 12. f3 Be6 13. Rc1 Na5 14. Ng3 Nc4
15. Bxc4 Rxc4 16. Qe1 g6 17. a3 Bxc3 18. Rxc3 Qc7 19. Qd2 Rc8 20. Rfc1 Qa5 21.
Nf1 Qa6 22. Kg1 f5 23. Kf2 Bd7 24. Rxc4 Rxc4 25. Rxc4 Qxc4 26. Qc3 b5 27. Nd2
Qxc3 28. bxc3 Kf8 29. e4 fxe4 30. fxe4 dxe4 31. Nxe4 Ke7 32. g3 Bc6 33. Ke3 h6
34. Nd2 Bd5 35. Kf4 f6 36. Nf1 h5 37. Ne3 Bg8 38. Ke4 Kd6 39. Kd3 Bh7 40. c4
g5+ 41. Kc3 bxc4 42. Kxc4 f5 43. Ng2 Bg8+ 44. Kd3 Bd5 45. Ne3 Be4+ 46. Kc3 f4
47. gxf4 gxf4 48. Nd1 Kd5 49. Nf2 Bf5 50. h4 f3 51. Nh1 Be4 52. Ng3 f2 0-1

[Event "e2e4.org.uk Bedford U2000"]
[Site "Park Inn Hotel, Bedford, Engla"]
[Date "2013.09.22"]
[Round "5"]
[White "McCabe, Shane"]
[Black "Ai, Farshad"]
[Result "0-1"]
[WhiteElo "1890"]
[BlackElo "1908"]
[PlyCount "108"]
[EventDate "2013.??.??"]

1. d4 Nf6 2. Nf3 g6 3. Bf4 c5 4. e3 Qb6 5. Qc1 Nc6 6. c3 Nh5 7. Bg5 h6 8. Bh4
g5 9. Bg3 d6 10. Nbd2 cxd4 11. Nxd4 Nxd4 12. exd4 Bf5 13. Be2 Nxg3 14. hxg3 Bg7
15. Nc4 Qc6 16. Ne3 Be4 17. f3 Bg6 18. a4 a6 19. Qd1 d5 20. Bd3 Bxd3 21. Qxd3
e6 22. Qc2 Rc8 23. Qd3 Qc7 24. Kf2 h5 25. Rae1 Kf8 26. Re2 Bf6 27. Rh3 Kg7 28.
Re1 h4 29. gxh4 Rxh4 30. Rg3 Be7 31. Ng4 Qf4 32. Ne3 Bd6 33. Rg4 Rxg4 34. Nxg4
Qg3+ 35. Ke2 Qxg2+ 36. Nf2 Rh8 37. b3 Rh2 38. Rf1 Bg3 39. Qe3 Bf4 40. Qd3 Bg3
41. Qe3 Bxf2 42. Rxf2 Qxf2+ 43. Qxf2 Rxf2+ 44. Kxf2 f5 45. a5 Kf6 46. c4 dxc4
47. bxc4 Ke7 48. Ke3 Kd6 49. Kd3 Kc6 50. Kc3 b6 51. axb6 Kxb6 52. Kb4 g4 53.
fxg4 fxg4 54. d5 exd5 0-1

[Event "e2e4.org.uk Bedford U2000"]
[Site "Park Inn Hotel, Bedford, Engla"]
[Date "2013.09.22"]
[Round "5"]
[White "Sagues, Vincent"]
[Black "Valentine, Brian J"]
[Result "0-1"]
[WhiteElo "1893"]
[BlackElo "1941"]
[PlyCount "78"]
[EventDate "2013.??.??"]

1. e4 e5 2. Nf3 Nc6 3. Bb5 a6 4. Ba4 Nf6 5. O-O b5 6. Bb3 Bc5 7. Re1 d6 8. c3
h6 9. h3 O-O 10. d4 Bb6 11. a4 Bb7 12. axb5 axb5 13. Rxa8 Qxa8 14. d5 Ne7 15.
Bc2 Ng6 16. Qe2 c6 17. dxc6 Bxc6 18. Na3 Qb7 19. Bd3 Rb8 20. Nc2 Bc5 21. b4 Ba7
22. Bd2 Nh5 23. Kh2 Nhf4 24. Bxf4 Nxf4 25. Qd2 Bxf2 26. Rf1 Nxd3 27. Qxd3 Bxe4
28. Qxd6 Bb6 29. Qd2 Rd8 30. Qc1 Qc7 31. Kh1 Qxc3 32. Nfe1 Rd2 33. Qa3 Rxc2 34.
Nxc2 Qxc2 35. Qg3 Qd3 36. Qxd3 Bxd3 37. Re1 e4 38. g4 e3 39. Kg2 e2 0-1

[Event "e2e4.org.uk Bedford U2000"]
[Site "Park Inn Hotel, Bedford, Engla"]
[Date "2013.09.22"]
[Round "5"]
[White "Mumford, Robert"]
[Black "Jacob, Sydney J"]
[Result "0-1"]
[WhiteElo "1562"]
[BlackElo "1904"]
[PlyCount "98"]
[EventDate "2013.??.??"]

1. e4 e6 2. d4 d5 3. Nd2 c5 4. exd5 Qxd5 5. Ngf3 Nf6 6. Bc4 Qd6 7. dxc5 Qxc5 8.
Qe2 Be7 9. O-O O-O 10. Ne4 Nxe4 11. Qxe4 Nd7 12. Be3 Qc7 13. Bd3 Nf6 14. Qh4 e5
15. Ng5 h6 16. Ne4 Bf5 17. Nxf6+ Bxf6 18. Qg3 Bxd3 19. cxd3 Kh7 20. h3 Qc2 21.
Rab1 Qxd3 22. Rfd1 Qg6 23. Qf3 b6 24. b3 e4 25. Qe2 Rfd8 26. Rxd8 Rxd8 27. Rd1
Rxd1+ 28. Qxd1 Bg5 29. Qg4 Bxe3 30. Qxg6+ Kxg6 31. fxe3 Kf5 32. Kf2 Ke5 33. Ke2
f5 34. g3 Kd5 35. Kd2 Kc5 36. Kc3 Kd5 37. Kd2 b5 38. a3 a5 39. Kc3 g5 40. Kd2
h5 41. h4 gxh4 42. gxh4 Ke5 43. Ke2 f4 44. Kf2 fxe3+ 45. Kxe3 Kf5 46. Ke2 Kf4
47. Kf2 b4 48. axb4 axb4 49. Ke2 e3 0-1

[Event "e2e4.org.uk Bedford U2000"]
[Site "Park Inn Hotel, Bedford, Engla"]
[Date "2013.09.22"]
[Round "5"]
[White "Potter, Karl H"]
[Black "Wood, Peter R"]
[Result "1/2-1/2"]
[WhiteElo "1900"]
[BlackElo "1982"]
[PlyCount "62"]
[EventDate "2013.??.??"]

1. e4 e6 2. d4 d5 3. e5 c5 4. c3 Nc6 5. Nf3 Nh6 6. Bxh6 gxh6 7. Be2 Bg7 8. O-O
O-O 9. Qd2 cxd4 10. cxd4 f6 11. exf6 Qxf6 12. Rd1 Bd7 13. Nc3 Be8 14. Bb5 Bh5
15. Bxc6 bxc6 16. Qe3 Kh8 17. Rd3 Bxf3 18. Qxf3 Qxf3 19. gxf3 Rab8 20. b3 Rf6
21. Ne2 Rg6+ 22. Kf1 e5 23. Rc1 Re8 24. dxe5 Bxe5 25. f4 Bb2 26. Rc5 Rge6 27.
Rd2 Ba3 28. Rcc2 Bb4 29. Rd4 a5 30. Rd3 Rd6 31. Re3 Rxe3 1/2-1/2